[Event "IBM-B"]
[Site "Amsterdam"]
[Date "1971.??.??"]
[Round "3"]
[White "Ghitescu, Theodor"]
[Black "Kort, Jacob"]
[Result "1-0"]
[WhiteElo "2460"]
[BlackElo "2200"]

1.c4 e6 2.Nf3 d5 3.g3 c5 4.Bg2 Nc6 5.O-O Be7 6.cxd5 exd5 7.d4 Nf6 8.Nc3 O-O
9.Be3 cxd4 10.Nxd4 Nxd4 11.Bxd4 Be6 12.Qb3 Qd7 13.Bxf6 Bxf6 14.Nxd5 Be5 15.Rad1 Rad8
16.Qe3 Bd6 17.Nc3 b6 18.Ne4 Qe7 19.Nxd6 Rxd6 20.Qa3 Rfd8 21.h3 h6 22.Rd3 Bc4
23.Rd4 Qc7 24.Rxd6 Qxd6 25.Qxa7 Bxe2 26.Rc1 Qd2 27.Qc7 b5 28.Qc3 Bc4 29.a4 Qg5
30.a5 Rd3 31.Qe1 Rd6 32.Ra1 Qf6 33.Qc3 Qxc3 34.bxc3 Ra6 35.f4 Kf8 36.Kf2 Ke7
37.Ke3 Kd6 38.Kd4 h5 39.Bb7 Ra7 40.a6 g6 41.h4 Be6 42.Rb1 Bd7 43.c4 bxc4
44.Kxc4 Kc7 45.Kc5 Bf5  1-0

[Event "IBM-B"]
[Site "Amsterdam"]
[Date "1971.??.??"]
[Round "5"]
[White "Ghitescu, Theodor"]
[Black "Kurajica, Bojan"]
[Result "1/2-1/2"]
[WhiteElo "2460"]
[BlackElo "2490"]

1.c4 e6 2.Nf3 d5 3.g3 Nf6 4.Bg2 Be7 5.O-O O-O 6.d4 Nbd7 7.Qc2 c6 8.b3 b6
9.Bb2 Bb7 10.Nc3 Qc7 11.Rfd1 Rac8 12.e4 dxe4 13.Nxe4 Nxe4 14.Qxe4 c5 15.d5 Bf6
16.Qc2 exd5 17.cxd5 Rcd8 18.Nd4  1/2-1/2

[Event "HUN-ch"]
[Site "Budapest"]
[Date "1971.??.??"]
[Round "5"]
[White "Lengyel, Levente"]
[Black "Farago, Ivan"]
[Result "1/2-1/2"]
[WhiteElo "2485"]
[BlackElo "2410"]

1.Nf3 e6 2.c4 d5 3.d4 f5 4.g3 Nf6 5.Bg2 Be7 6.O-O O-O 7.Nbd2 c6 8.Qc2 Qe8
9.Ne5 b6 10.Ndf3 Bb7 11.Nd3 Ne4 12.b3 Nd7 13.a4 a5 14.Bb2 Rc8 15.Rac1 Ba6
16.cxd5 cxd5 17.Qb1 Qh5 18.Rxc8 Rxc8 19.Rc1 Qe8 20.Rxc8 Qxc8 21.Bf1  1/2-1/2

[Event "Hastings7172"]
[Site "Hastings"]
[Date "1971.??.??"]
[Round "5"]
[White "Keene, Raymond D"]
[Black "Kurajica, Bojan"]
[Result "1/2-1/2"]
[WhiteElo "2465"]
[BlackElo "2490"]

1.c4 e6 2.Nf3 d5 3.g3 c6 4.Qc2 Nf6 5.Bg2 Nbd7 6.d4 Bb4+ 7.Bd2 Bxd2+ 8.Nbxd2 O-O
9.O-O b6 10.cxd5 cxd5 11.Rfc1 Ba6 12.e3 Qb8 13.Qa4 Qb7 14.Qc6 Qxc6 15.Rxc6 Rfc8
16.Rac1 Rxc6 17.Rxc6 Rc8 18.Rxc8+ Bxc8  1/2-1/2

[Event "Hastings7273"]
[Site "Hastings"]
[Date "1972.??.??"]
[Round "8"]
[White "Hort, Vlastimil"]
[Black "Wade, Robert Graham"]
[Result "1-0"]
[WhiteElo "2600"]
[BlackElo "2375"]

1.c4 e6 2.Nf3 d5 3.d4 c5 4.cxd5 exd5 5.Nc3 Nc6 6.g3 Nf6 7.Bg2 Be7 8.O-O O-O
9.dxc5 Bxc5 10.Na4 Bb6 11.b3 Re8 12.Bb2 Qe7 13.e3 Be6 14.Nxb6 axb6 15.Nd4 Rec8
16.Qe2 Ne4 17.Rfd1 h6 18.a4 Nxd4 19.Bxd4 Nc3 20.Bxc3 Rxc3 21.Bxd5 Bxd5 22.Rxd5 Rxb3
23.Rad1 Qf6 24.Rd6 Rb2 25.Rxf6 Rxe2 26.Rf4 g5 27.Rf3 Ra2 28.Rd7 Rf8 29.Rxb7 Rxa4
30.Rxb6 Kg7 31.Rff6 Ra1+ 32.Kg2 Rh8 33.Kf3 Ra4 34.h3 Rc4 35.Ra6 Rb4 36.Rfc6 Rb2
37.Ra7 Rf8 38.e4 h5 39.e5 g4+ 40.hxg4 hxg4+ 41.Ke3 Rb3+ 42.Kf4 Rf3+ 43.Kxg4 Rxf2
44.Rc4 Re2 45.Re7 Re3 46.Rcc7 Kg6 47.Rc6+ Kg7 48.Kf4 Re1 49.Rf6 Kg8 50.Kf5 Rf1+
51.Kg5 Re1 52.Kf4 Rf1+ 53.Kg5 Re1 54.g4 Re2 55.Kf5 Re1 56.Kg5 Re2 57.Rf1 Kg7
58.Kf5 Ra2 59.Rd1 Ra6 60.Rdd7 Kg8 61.Kg5 Rg6+ 62.Kf5 Ra6 63.Rd6 Ra1 64.Kf4 Re1
65.Rdd7 Rf1+ 66.Kg3 Re1 67.Rd4 Rg1+ 68.Kf2 Ra1 69.Rf4 Raa8 70.Kg3 Ra1 71.Rf5 Ra6
72.Rg5+ Kh8 73.Kf4 Ra1 74.Rd7 Rf1+ 75.Kg3 Rg1+ 76.Kh2 Ra1 77.Rd6 Kh7 78.Rf6 Raa8
79.Kg3 Ra7 80.Rf1 Ra6 81.Rh1+ Rh6 82.Rgh5 Rxh5 83.gxh5 Rg8+ 84.Kf4 Rg2 85.Rh4 Rf2+
86.Kg5 Kg7 87.Rf4 Rg2+ 88.Kf5 Rh2 89.Kg4 Rg2+ 90.Kf3 Rh2 91.Kg4 Rg2+ 92.Kf5 Rh2
93.Rg4+ Kh6 94.Rd4 Rf2+ 95.Rf4 Re2 96.Rf1 Kg7 97.Rh1 Rf2+ 98.Ke4 Kh6 99.Rh4 Re2+
100.Kd4 Rd2+ 101.Ke3 Rd7 102.Ke4 Ra7 103.Rh1 Ra4+ 104.Kf5 Ra2 105.Ke4 Re2+
106.Kd4 Rd2+ 107.Ke3 Rd7 108.Ke4 Ra7 109.Rf1 Kxh5 110.Kf5 Kh4 111.Rh1+ Kg3
112.Kf6 Kf4  1-0

[Event "URS-chT Moscow"]
[Site "Moscow"]
[Date "1972.??.??"]
[Round "?"]
[White "Nikolaevsky, Yuri V"]
[Black "Anikaev, Yuri N"]
[Result "0-1"]
[WhiteElo "2480"]
[BlackElo "2475"]

1.c4 e6 2.Nf3 d5 3.g3 Nf6 4.Bg2 dxc4 5.Qa4+ Nbd7 6.Qxc4 a6 7.Qc2 Be7 8.O-O O-O
9.d4 Ra7 10.Rd1 b6 11.Ne5 Nb8 12.Nc3 Nfd7 13.Nc4 b5 14.Nd2 Bb7 15.e4 c5 16.d5 Nf6
17.dxe6 fxe6 18.Nf3 Qb6 19.Bg5 h6 20.Bf4 Nc6 21.e5 Nh5 22.Be3 Rxf3 23.Bxf3 Nd4
24.Bxd4 Bxf3 25.Be3 Qc6 26.Qg6 b4 27.Na4 Bxd1 28.Rxd1 Qxa4 29.b3 Qxa2 30.Qxe6+ Kh7
31.g4 Qc2 32.Rc1 Qg6 33.Qxg6+ Kxg6 34.gxh5+ Kf5 35.Bxc5 Rc7 36.Be3 Rc3 37.Rb1 Kxe5
38.Kf1 Bc5 39.Bxc5 Rxc5 40.Re1+ Kf6 41.Re8 Rxh5 42.Kg2 Rb5 43.h4 a5 44.Kf3 Rh5
45.Kg4 Rd5 46.f3 Rd4+ 47.Kg3 Rd1 48.Ra8 Rd5 49.Re8 Kf5 50.Re7 g6 51.Re8 Rd1
52.Ra8 Rg1+ 53.Kf2 Ra1 54.Rf8+ Ke5 55.Rg8 Kf6 56.Rf8+ Ke5 57.Rg8 Kd4 58.Rxg6 Kc3
59.f4 Kxb3 60.f5 Rc1 61.f6 Rc8 62.f7 Rf8 63.Rf6 a4 64.Rf3+ Kc2 65.Rf4 a3
66.Rxb4 Rxf7+ 67.Kg3 Ra7 68.Rc4+ Kb3  0-1

[Event "Skopje ol (Men) fin-C"]
[Site "Skopje"]
[Date "1972.??.??"]
[Round "4"]
[White "Stuart, Peter"]
[Black "Silva, Fernando"]
[Result "0-1"]
[WhiteElo "2200"]
[BlackElo "2295"]

1.c4 e6 2.Nf3 d5 3.b3 Nf6 4.Bb2 Be7 5.g3 O-O 6.Bg2 c5 7.O-O Nc6 8.d3 d4 9.Na3 e5
10.Nc2 Bg4 11.h3 Bf5 12.a3 a5 13.Bc1 h6 14.Nd2 Qd7 15.Kh2 Bd6 16.Ne4 Nxe4
17.dxe4 Be6 18.a4 f5 19.exf5 Bxf5 20.e4 Bh7 21.Qd3 Rf6 22.Bd2 Raf8 23.f3 g5
24.g4 Bc7 25.Kg3 Ne7 26.Rae1 Ng6 27.Na3 Bd8 28.Nb5 Qf7 29.Bc1 Nh4 30.Bd2 b6
31.Na3 Rf4 32.Nb5 Qf6 33.Bc1 Bg6 34.Na3 h5 35.Nb5 Be8 36.Na3 Bd7 37.Bh1 hxg4
38.hxg4 Bxg4 39.Bg2 Nxg2 40.Kxg2 Bxf3+  0-1

[Event "Skopje ol (Men) fin-B"]
[Site "Skopje"]
[Date "1972.??.??"]
[Round "10"]
[White "Markland, Peter R"]
[Black "Hernandez, Roman"]
[Result "1/2-1/2"]
[WhiteElo "2420"]
[BlackElo "2360"]

1.c4 e6 2.Nf3 d5 3.b3 c5 4.Bb2 Nf6 5.g3 Be7 6.Bg2 O-O 7.cxd5 exd5 8.O-O Nc6
9.d4 Ne4 10.Nc3 Bf6 11.Na4 cxd4 12.Nxd4 Bd7 13.Rc1 Rb8 14.Nc5 Nxd4 15.Bxd4 Bc6
16.e3 Rc8 17.a4 a6 18.Qd3 Bxd4 19.Qxd4 h5 20.Bxe4 dxe4 21.Qxd8 Rfxd8 22.a5 h4
23.gxh4 Rd6 24.Nxe4 Rg6+ 25.Ng3 Rd8 26.Rfd1 Rxd1+ 27.Rxd1 Bf3 28.Rd8+ Kh7
29.Rd4 Rc6 30.h3 Rc1+ 31.Kh2 Rc2 32.Ne4 Bxe4 33.Rxe4 Rxf2+ 34.Kg3 Rf5 35.Rb4 Rxa5
36.Rxb7 f6 37.Rb6 Ra3  1/2-1/2

[Event "Skopje ol (Men) fin-B"]
[Site "Skopje"]
[Date "1972.??.??"]
[Round "11"]
[White "Vranesic, Zvonko"]
[Black "Wade, Robert Graham"]
[Result "1/2-1/2"]
[WhiteElo "2425"]
[BlackElo "2375"]

1.c4 e6 2.Nf3 d5 3.cxd5 exd5 4.d4 c6 5.Nc3 Bf5 6.Bf4 Nd7 7.e3 Ngf6 8.Be2 Be7
9.O-O O-O 10.Ne5 Nxe5 11.Bxe5 Ne4 12.Nxe4 Bxe4 13.Qb3 Qb6 14.Bd1 Qxb3 15.Bxb3 a5
16.Rac1 a4 17.Bc2 Ra5 18.f3 Bxc2 19.Rxc2 Re8 20.Kf2 Rb5 21.Rd1 f6 22.Bg3 Kf7
23.Ke2 h5 24.Kd3 Bf8 25.Re1 f5 26.Bf4 Re6 27.Rce2 Be7 28.h3 Ra5 29.Rc1 Ra8
30.Rg1 Bf6 31.g4 fxg4 32.hxg4 hxg4 33.Rxg4 Rh8 34.Rh2 Rxh2 35.Bxh2 Re8 36.Rg2 Rh8
37.b3 axb3 38.axb3 Ra8 39.Bd6 Ra1 40.Rf2  1/2-1/2

[Event "CSR-ch"]
[Site "Trinec"]
[Date "1972.??.??"]
[Round "1"]
[White "Trapl, Jindrich"]
[Black "Fichtl, Jiri"]
[Result "1/2-1/2"]
[WhiteElo "2315"]
[BlackElo "2385"]

1.c4 e6 2.Nf3 d5 3.g3 Nf6 4.Bg2 Be7 5.O-O O-O 6.b3 c5 7.Bb2 Nc6 8.e3 b6 9.Nc3 Bb7
10.cxd5 Nxd5 11.Nxd5 Qxd5 12.d4 Rad8 13.Ne5 Qd6 14.Nxc6 Bxc6 15.Qg4 cxd4
16.Bxc6 Qxc6 17.Bxd4 f6 18.Rac1 Qd7 19.Bb2 e5 20.Qe4 Rfe8 21.Kg2 Qd5 22.Qxd5+ Rxd5
23.Rfd1 Red8 24.Rxd5 Rxd5 25.Rc8+ Rd8 26.Rxd8+ Bxd8 27.Kf3 Kf7 28.Ke4 Ke6
29.f4 exf4 30.exf4 g6 31.Ba3 a6 32.Bc1 f5+ 33.Kd3 Kd5 34.Be3 b5 35.Bd4 h5
36.Bf2 Bf6 37.Be3 Bd8 38.Bf2 Ba5 39.Be3 Be1 40.Bb6 h4 41.gxh4 Bxh4 42.Bd4 Be7
43.h3 Ba3 44.Be3 a5 45.Bd2 b4 46.Be3 Bb2 47.Bd2 Kc5 48.Kc2 Bf6 49.Kd3 Bd8
50.Be1  1/2-1/2

[Event "JUG-ch"]
[Site "Umag"]
[Date "1972.??.??"]
[Round "13"]
[White "Masic, Ljubomir"]
[Black "Kurajica, Bojan"]
[Result "0-1"]
[WhiteElo "2390"]
[BlackElo "2455"]

1.c4 e6 2.Nf3 d5 3.g3 c6 4.b3 b5 5.Bg2 Ba6 6.cxb5 cxb5 7.Bb2 Nf6 8.O-O Be7
9.d3 O-O 10.Nbd2 Nc6 11.Rc1 Qb6 12.a3 b4 13.a4 Rac8 14.Rc2 Nd7 15.Qa1 Bf6
16.Rfc1 Bxb2 17.Qxb2 Rc7 18.Bf1 Rfc8 19.d4 Nf6 20.e3 Bxf1 21.Kxf1 g6 22.Kg2 Kg7
23.h3 h6 24.Rc5 Qa6 25.Ne5 Nxe5 26.Rxc7 Nd3 27.Qb1 Nxc1 28.Qxc1 Rxc7 29.Qxc7 Qe2
30.Nf1 g5 31.Qe5 Kg6  0-1

[Event "DSV-Turnier"]
[Site "Halle"]
[Date "1974.??.??"]
[Round "?"]
[White "Liebert, Heinz"]
[Black "Mueller, Klaus Uwe"]
[Result "0-1"]
[WhiteElo "2445"]
[BlackElo "2465"]

1.c4 e6 2.Nf3 d5 3.g3 c5 4.Bg2 Nc6 5.cxd5 exd5 6.d4 Nf6 7.O-O Be7 8.Nc3 O-O
9.Bg5 Be6 10.dxc5 Bxc5 11.Na4 Bb6 12.Nxb6 axb6 13.Be3 Re8 14.Bd4 Ne4 15.Re1 Bg4
16.b3 b5 17.a3 Qd7 18.Qd3 b4 19.axb4 Nxb4 20.Qb1 Rxa1 21.Bxa1 Bxf3 22.exf3 Nc5
23.Rd1 Re2 24.Bc3 Nca6 25.f4 Qc6 26.Rc1 Na2 27.Bxd5 Qe8 28.Qf5 Nxc1  0-1

[Event "Rubinstein mem"]
[Site "Polanica Zdroj"]
[Date "1974.??.??"]
[Round "2"]
[White "Rogoff, Kenneth"]
[Black "Barczay, Laszlo"]
[Result "1/2-1/2"]
[WhiteElo "2445"]
[BlackElo "2440"]

1.c4 e6 2.Nf3 d5 3.g3 Nf6 4.Bg2 Be7 5.O-O O-O 6.d4 dxc4 7.Qc2 a6 8.a4 Bd7
9.Qxc4 Bc6 10.Nbd2 Nbd7 11.Qc2 Nd5 12.b3 Nb4 13.Qd1 b5 14.Ba3 bxa4 15.bxa4 Nb6
16.a5 N6d5 17.Nb3 Rb8 18.Qc1 Bb5 19.Qd2 Nc6 20.Bxe7 Qxe7 21.Nc5 e5 22.Nxe5 Nxe5
23.Bxd5 Rbd8 24.Qa2 c6 25.Bg2 Rxd4 26.Rfe1 Rfd8 27.Nb3 Ra4 28.Qc2 Rc4 29.Qb2 Qf6
30.Red1 Re8 31.Rd2 Rb4 32.Rc1 Bc4 33.f4 Rxb3 34.Qc2 Be6 35.fxe5 Qxe5 36.Qxc6 Qe3+
37.Kh1 Reb8  1/2-1/2

[Event "Sombor"]
[Site "Sombor"]
[Date "1974.??.??"]
[Round "1"]
[White "Vadasz, Laszlo"]
[Black "Ljuca, Mirsad"]
[Result "1-0"]
[WhiteElo "2460"]
[BlackElo "2200"]

1.Nf3 e6 2.c4 d5 3.g3 Nf6 4.Bg2 c6 5.O-O Be7 6.d4 O-O 7.Nc3 Nbd7 8.b3 Re8
9.Bb2 Bd6 10.Qc2 Qe7 11.e4 Nxe4 12.Nxe4 dxe4 13.Qxe4 Nf6 14.Qc2 Ba3 15.Rfe1 Bxb2
16.Qxb2 Rd8 17.Rad1 Qc7 18.Ne5 Bd7 19.f4 Be8 20.Rd2 Rac8 21.Qc3 Nd7 22.Red1 Nf6
23.Bf3 Qe7 24.a4 a6 25.a5 Nd7 26.Kg2 Rc7 27.b4 Nxe5 28.dxe5 Rxd2+ 29.Rxd2 Rd7
30.c5 Rxd2+ 31.Qxd2 Qd7 32.Qd6 g6 33.g4 Qxd6 34.cxd6 Bd7 35.Kf2 Kf8 36.Ke3 Ke8
37.Kd4 Kd8 38.Kc5 Kc8 39.Kb6 Kb8 40.Be4 Kc8 41.Bd3  1-0

[Event "Sombor"]
[Site "Sombor"]
[Date "1974.??.??"]
[Round "14"]
[White "Vadasz, Laszlo"]
[Black "Lengyel, Levente"]
[Result "1/2-1/2"]
[WhiteElo "2460"]
[BlackElo "2420"]

1.c4 e6 2.Nf3 d5 3.d4 Nf6 4.Nc3 Be7 5.Bg5 O-O 6.cxd5 exd5 7.e3 c6 8.Bd3 Nbd7
9.Qc2 Re8 10.O-O Nf8 11.Rab1 Ne4 12.Bxe7 Qxe7 13.Bxe4 dxe4 14.Nd2 f5  1/2-1/2

[Event "SWE-ch"]
[Site "?"]
[Date "1974.??.??"]
[Round "5"]
[White "Nordstrom, Felix"]
[Black "Ekenberg, Bengt"]
[Result "1/2-1/2"]
[WhiteElo "2325"]
[BlackElo "2280"]

1.c4 e6 2.Nf3 d5 3.d4 c6 4.Nc3 Nf6 5.Bg5 h6 6.Bxf6 Qxf6 7.Qb3 dxc4 8.Qxc4 Nd7
9.Rd1 g6 10.e4 e5 11.d5 Nb6 12.Qb3 Bc5 13.dxc6 bxc6 14.Be2 O-O 15.O-O Bg4
16.Qc2 Rfd8 17.a3 Bxf3 18.Bxf3 Bd4 19.Be2 c5 20.a4 a5 21.Bb5 Kg7  1/2-1/2

[Event "Rimavska Sobota"]
[Site "Rimavska Sobota"]
[Date "1975.??.??"]
[Round "4"]
[White "Velikov, Petar"]
[Black "Dietze, Wolfgang"]
[Result "1-0"]
[WhiteElo "2430"]
[BlackElo "2280"]

1.c4 e6 2.Nf3 d5 3.d4 c5 4.cxd5 exd5 5.Nc3 Nc6 6.e3 Nf6 7.Be2 Bd6 8.O-O O-O
9.b3 cxd4 10.exd4 h6 11.Nb5 Bb8 12.Bb2 a6 13.Nc3 b5 14.Rc1 Bf4 15.Ra1 Bf5
16.g3 Bd6 17.Rc1 Qb6 18.Re1 Rfe8 19.Qd2 Bg4 20.Bd1 Bh3 21.Be2 Rad8 22.Rcd1 Qb7
23.Bf1 Bxf1 24.Kxf1 Qd7 25.Rxe8+ Rxe8 26.Kg2 Ne4 27.Qc1 Nxc3 28.Bxc3 Re2
29.Rd2 Re4 30.Rc2 Qf5 31.Qd1 Qe6 32.Qd3 Qe8 33.Bd2 Qd7 34.Qc3 Ne7 35.Be3 Qf5
36.Rc1 Qd7 37.Rd1 Ng6 38.Rc1 Re8 39.Qc6 Qe6 40.Re1 Bb4 41.Qxe6 Rxe6 42.Rc1 Kf8
43.h4 Ne7 44.Rc7 Rc6 45.Ra7 f6 46.h5 Nf5 47.Kh3 Re6 48.Nh4 Nxh4 49.Kxh4 f5
50.Kh3 Be7 51.Kg2 Bf6 52.Rd7 f4 53.Bxf4 Bxd4 54.Rxd5 Bb6 55.Rd6 Rxd6 56.Bxd6+ Kf7
57.Be5 g6 58.g4 gxh5 59.gxh5 Bc5 60.Kf3 Ba3 61.Ke4 a5 62.Bf4 Kg7 63.Kd5 a4
64.Kc6 axb3 65.axb3 Bf8 66.Kxb5 Kf6 67.f3  1-0

[Event "Szolnok"]
[Site "Szolnok"]
[Date "1975.??.??"]
[Round "2"]
[White "Liebert, Heinz"]
[Black "Barczay, Laszlo"]
[Result "0-1"]
[WhiteElo "2450"]
[BlackElo "2445"]

1.c4 e6 2.Nf3 d5 3.g3 Nf6 4.Bg2 Be7 5.O-O O-O 6.d4 dxc4 7.Qc2 a6 8.a4 Bd7
9.Ne5 Bc6 10.Nxc6 Nxc6 11.Bxc6 bxc6 12.Na3 Qd5 13.Nxc4 Qh5 14.Ne5 c5 15.Nf3 Rab8
16.Bd2 cxd4 17.Nxd4 Ng4 18.h4 Bc5 19.Nf3 Rfd8 20.Bg5 Rd5 21.e4 Nxf2 22.exd5 Qxf3
23.Rxf2 Qxg3+ 24.Kf1 Qh3+ 25.Ke1 Bxf2+ 26.Qxf2 h6 27.Be3 Qh1+ 28.Qg1 Qxh4+
29.Qf2 Qh1+ 30.Qg1 Qxd5 31.Bxh6 Qe5+ 32.Be3 Rb3 33.Ra3 Rxb2 34.Rd3 Rb1+ 35.Rd1 Rxd1+
36.Kxd1 Qa1+ 37.Ke2 Qxa4 38.Qc1 Qb5+ 39.Ke1 c6 40.Qc3 a5 41.Bc5 a4 42.Qd4 Qb1+
43.Kd2 Qa2+ 44.Kc1 Qd5 45.Qb4 e5 46.Be7 Qd4 47.Qb7 Qc3+ 48.Kb1 Qb3+ 49.Qxb3 axb3
50.Kb2 f6 51.Kxb3 Kf7 52.Bc5 Ke6 53.Kc4 g5 54.Bg1 g4 55.Kc5 f5 56.Kxc6 g3
57.Kc5 f4 58.Kc4 f3 59.Kd3 f2  0-1

[Event "DDR-ch 25th"]
[Site "Groeditz"]
[Date "1976.??.??"]
[Round "8"]
[White "Gruenberg, Hans Ulrich"]
[Black "Dietze, Wolfgang"]
[Result "1/2-1/2"]
[WhiteElo "2405"]
[BlackElo "2275"]

1.c4 e6 2.Nf3 d5 3.g3 c5 4.Bg2 Nc6 5.O-O Nf6 6.b3 Bd6 7.Bb2 O-O 8.e3 Re8
9.d3 b6 10.Qe2 Bb7 11.Rd1 Qe7 12.Nc3 Rad8 13.Rac1 Bb8 14.cxd5 exd5 15.d4 cxd4
16.Nxd4 Nxd4 17.Rxd4 Be5 18.Rdd1 Ne4 19.Nxe4 dxe4 20.Bxe5 Qxe5 21.Bf1 g6
22.Qc4 Qh5 23.Be2 Qa5 24.Qc7 Rxd1+ 25.Rxd1 Ba6 26.Bxa6 Qxa6 27.a4 Qe2 28.Rd6 Qf3
29.Qc6 Re6  1/2-1/2

[Event "DDR-ch 25th"]
[Site "Groeditz"]
[Date "1976.??.??"]
[Round "13"]
[White "Paehtz, Thomas Sr"]
[Black "Dietze, Wolfgang"]
[Result "0-1"]
[WhiteElo "2295"]
[BlackElo "2275"]

1.c4 e6 2.Nf3 d5 3.g3 c5 4.Bg2 Nc6 5.O-O Nf6 6.b3 Bd6 7.Bb2 O-O 8.e3 b6 9.Qe2 Bb7
10.d3 Qe7 11.Nc3 dxc4 12.bxc4 Rac8 13.Rad1 Rfd8 14.Rd2 Bb8 15.Nh4 Rd7 16.f4 Rcd8
17.g4 Ne8 18.g5 Nd6 19.Ne4 Nxe4 20.Bxe4 e5 21.Bxh7+ Kxh7 22.Qh5+ Kg8 23.g6 Qe6
24.fxe5 Nxe5 25.Bxe5 Bxe5 26.Rdf2 Bf6 27.Rxf6 Qxe3+ 28.R6f2 fxg6 29.Nxg6 Qh6
30.Rf8+ Kh7 31.Rxd8 Qxh5 32.Nf8+ Kh6 33.Rxd7 Qg4+ 34.Kf2 Qf3+ 35.Ke1 Qe3+
36.Kd1 Bf3+  0-1

[Event "Club Argentino"]
[Site "Buenos Aires"]
[Date "1977.??.??"]
[Round "8"]
[White "Garcia, Raimundo"]
[Black "Amado, Claudio"]
[Result "1/2-1/2"]
[WhiteElo "2435"]
[BlackElo "2310"]

1.c4 e6 2.Nf3 d5 3.d4 c5 4.cxd5 exd5 5.g3 Nc6 6.Bg2 Nf6 7.O-O Be7 8.Nc3 O-O
9.b3 Bg4 10.dxc5 Bxc5 11.Bb2 Re8 12.Na4 Be7 13.Rc1 Rc8 14.a3 Ne4 15.h3 Bh5
16.b4 Bf6 17.Bxf6 Nxf6 18.Nc5  1/2-1/2

[Event "Santos Lugares"]
[Site "Santos Lugares"]
[Date "1977.??.??"]
[Round "1"]
[White "Garcia, R."]
[Black "Guimard, Carlos E"]
[Result "1/2-1/2"]
[WhiteElo "2435"]
[BlackElo "2410"]

1.c4 e6 2.Nf3 d5 3.g3 c6 4.b3 f5 5.Bb2 Nf6 6.Bg2 Be7 7.O-O O-O 8.d3 Qe8 9.Nc3 Na6
10.e4 fxe4 11.dxe4 dxc4 12.bxc4 Qh5 13.e5 Ng4 14.h3 Nxe5 15.Nxe5 Qxe5 16.Nd5 Qxb2
17.Nxe7+ Kh8 18.Qh5 Qf6 19.Be4 Qh6 20.Qe5 Qf6 21.Qh5 Qh6 22.Qe5 Qf6 23.Qh5 Qh6  1/2-1/2

[Event "Amsterdam zt"]
[Site "Amsterdam"]
[Date "1978.??.??"]
[Round "14"]
[White "Langeweg, Kick"]
[Black "Keogh, Eamon"]
[Result "1-0"]
[WhiteElo "2450"]
[BlackElo "2200"]

1.c4 e6 2.Nf3 d5 3.b3 c5 4.Bb2 Nf6 5.g3 Nc6 6.Bg2 Be7 7.O-O O-O 8.e3 b6 9.Nc3 Ba6
10.d3 Qc7 11.Qe2 Rad8 12.Rfd1 Qb8 13.Rac1 Rfe8 14.Ba1 Bf8 15.Nb1 e5 16.Nbd2 d4
17.e4 Bc8 18.a3 Bg4 19.h3 Bd7 20.Rb1 Qc8 21.Kh2 Qa6 22.Bb2 Qb7 23.Bc1 a5
24.Ne1 Ra8 25.Nc2 Qc7 26.Rf1 Bd6 27.Nf3 Reb8 28.a4 Ne8 29.Na3 Be7 30.Ng1 Rb7
31.f4 f6 32.f5 Bf8 33.h4 Nd6 34.g4 Be8 35.Rb2 Kf7 36.g5 Ke7 37.Bh3 Kd8 38.Qd1 Qf7
39.Bg4 Kc7 40.Rg2 Rd8 41.Ne2 Kb8 42.Ng3 Be7 43.Kg1 Bd7 44.Rff2 Qg8 45.Nh5 Qh8
46.gxf6 gxf6 47.Be2 Bf8 48.Nb5 Be8 49.Kh2 Bxh5 50.Bxh5 Nf7 51.Rg3 Nh6 52.Rfg2 Ne7
53.Qg1 Rbd7 54.Kh1 Kb7 55.Bd2 Ka6 56.Na3 Kb7 57.Nc2 Kc7 58.Ne1 Kd6 59.Nf3 Rc7
60.Nh2 Rcd7 61.Ng4 Nxg4 62.Rxg4 h6 63.R4g3 Qh7 64.Qd1 Kc7 65.Kh2 Kb8 66.Qe2 Rc7
67.Kh3 Ra7 68.Bg6 Qh8 69.Bf7 Qh7 70.Bg8 Qh8 71.Be6 h5 72.Bf7 Nxf5 73.Rg8 Qh7
74.Rxf8 Rxf8 75.Bg6  1-0

[Event "Buenos Aires ol (Men)"]
[Site "Buenos Aires"]
[Date "1978.??.??"]
[Round "?"]
[White "Rivas Pastor, Manuel"]
[Black "Letzelter, Jean Claude"]
[Result "0-1"]
[WhiteElo "2200"]
[BlackElo "2260"]

1.c4 e6 2.Nf3 d5 3.b3 Nf6 4.Bb2 b6 5.g3 Bb7 6.Bg2 Be7 7.O-O O-O 8.Nc3 d4
9.Na4 c5 10.b4 Qe8 11.Rb1 e5 12.Nxe5 Bxg2 13.Kxg2 Nc6 14.Nxc6 Qxc6+ 15.Kg1 cxb4
16.d3 Qd7 17.Ra1 Rfe8 18.a3 Rac8 19.f3 b5 20.cxb5 bxa3 21.Bxa3 Bxa3 22.Rxa3 Nd5
23.b6 Ne3 24.Qb1 Nxf1 25.Qxf1 Rc2 26.Ra1 axb6 27.Nxb6 Qe6 28.Nc4 Rxe2  0-1

[Event "Buenos Aires ol (Men)"]
[Site "Buenos Aires"]
[Date "1978.??.??"]
[Round "?"]
[White "Wirthensohn, Heinz"]
[Black "Preissmann, Emmanuel"]
[Result "1/2-1/2"]
[WhiteElo "2410"]
[BlackElo "2320"]

1.c4 e6 2.Nf3 d5 3.d4 Nf6 4.Bg5 Nbd7 5.e3 c6 6.Nc3 Qa5 7.Nd2 Bb4 8.Bxf6 Nxf6
9.Qc2 O-O 10.Be2 e5 11.O-O exd4 12.Nb3 Qc7 13.Nxd4 dxc4 14.Bxc4 Ng4 15.Nf3 Ne5
16.Be2 Nxf3+ 17.Bxf3 Qe5 18.Rfd1 Be6 19.Ne2 Bd6 20.g3 Rad8 21.Nd4 Bc8 22.Rac1 g6
23.a3 Qf6 24.Be2 Be5 25.Qc5 Rfe8 26.Bf1 Bb8 27.Be2 Rd5 28.Qc4 Be5 29.b4 Red8
30.Nf3 Be6 31.Qc2 Bb2 32.Rxd5 Bxd5 33.Rd1 Bxa3 34.Qd3 Re8 35.Qxa3 Bxf3 36.Bxf3 Qxf3
37.Rd7 Qf5 38.Rxb7 Rd8 39.e4 Rd1+ 40.Kg2 Qxe4+ 41.Kh3 Qf5+ 42.Kg2 Qd5+ 43.Kh3 Rg1
44.Rb8+ Kg7 45.Qc3+ Kh6 46.Qf6 Qd7+ 47.Kh4 Rg2 48.Qf4+ Kg7 49.g4 h5 50.f3 hxg4
51.fxg4 Re2 52.g5 Qe7 53.Qd4+ Re5 54.Kh3 Qe6+ 55.Kg3 Qd5 56.Qxd5 Rxd5 57.h4 Rd3+
58.Kg2 Rb3 59.Rc8 Rxb4 60.Rxc6 Rxh4 61.Kg3 Ra4 62.Rc8 a5 63.Ra8 Ra1 64.Kg2 a4
65.Kh2 a3 66.Kg2 a2 67.Kh2 f5 68.gxf6+ Kxf6 69.Rf8+  1/2-1/2

[Event "Clarin"]
[Site "Buenos Aires"]
[Date "1978.??.??"]
[Round "8"]
[White "Smyslov, Vassily"]
[Black "Vaganian, Rafael A"]
[Result "1/2-1/2"]
[WhiteElo "2575"]
[BlackElo "2555"]

1.Nf3 e6 2.c4 d5 3.d4 c5 4.cxd5 exd5 5.g3 Nc6 6.Bg2 Nf6 7.O-O Be7 8.Nc3 O-O
9.dxc5 Bxc5 10.Bg5 Be6 11.Bxf6 Qxf6 12.Nxd5 Qxb2 13.Nc7 Rad8 14.Qc1 Qxc1
15.Raxc1 b6 16.Nxe6 fxe6 17.e3 h6 18.Rfd1 Rxd1+ 19.Rxd1 Rd8 20.Rxd8+ Nxd8
21.Nd2 Kf7 22.Ne4 Bb4 23.f4 Ke7 24.Kf2 Nf7  1/2-1/2

[Event "URS-ch sf"]
[Site "Daugavpils"]
[Date "1978.??.??"]
[Round "?"]
[White "Korsunsky, Rostislav R"]
[Black "Petrosian, Arshak B"]
[Result "0-1"]
[WhiteElo "2200"]
[BlackElo "2415"]

1.c4 e6 2.Nf3 d5 3.d4 Nf6 4.Nc3 Be7 5.Bg5 h6 6.Bh4 O-O 7.e3 b6 8.Qb3 Bb7
9.Bxf6 Bxf6 10.cxd5 exd5 11.Rd1 Re8 12.Be2 c6 13.O-O Nd7 14.Bd3 Nf8 15.Bb1 g6
16.a3 Ne6 17.Qc2 Qc7 18.Ba2 Rad8 19.h4 h5 20.e4 Qf4 21.e5 Bxh4 22.Ne2 Qg4
23.Nh2 Qe4 24.Qd2 Ba6 25.Nc3 Qf5 26.Bb1 Qg5 27.f4 Qh6 28.Rf3 Be7 29.Qf2 c5
30.f5 Nxd4 31.Rh3 Bc8 32.Ng4 Qg5 33.Ne3 Nxf5 34.Nxf5 Bxf5 35.Bxf5 Qxf5 36.Qxf5 gxf5
37.Nxd5 Kg7 38.Rxh5 c4 39.Rxf5 Bc5+ 40.Kh2 Re7 41.Rg5+ Kh6 42.Rg4 Red7  0-1

[Event "Roskilde"]
[Site "Roskilde"]
[Date "1978.??.??"]
[Round "5"]
[White "Ghitescu, Theodor"]
[Black "Rosenlund, Thorbjorn"]
[Result "1/2-1/2"]
[WhiteElo "2450"]
[BlackElo "2340"]

1.c4 e6 2.Nf3 d5 3.g3 Nf6 4.Bg2 Be7 5.O-O O-O 6.d4 dxc4 7.Qc2 a6 8.a4 Bd7
9.Ne5 Bc6 10.Nxc6 Nxc6 11.e3 Na5 12.Nd2 c5 13.Nxc4 cxd4  1/2-1/2

[Event "Vilnius"]
[Site "Vilnius"]
[Date "1978.??.??"]
[Round "1"]
[White "Gulko, Boris F"]
[Black "Mikenas, Vladas"]
[Result "1/2-1/2"]
[WhiteElo "2575"]
[BlackElo "2205"]

1.c4 e6 2.Nf3 d5 3.g3 c5 4.Bg2 Nc6 5.O-O Nf6 6.d4 dxc4 7.Qa4 Bd7 8.Qxc4 b5
9.Qd3 Qb6 10.Nc3 Nb4 11.Qb1 cxd4 12.Nxd4 Rc8 13.a3 Qxd4 14.Rd1 Qb6 15.Be3 Bc5
16.Bxc5 Qxc5 17.axb4 Qxb4 18.Rxa7 O-O 19.Ne4 Bc6 20.Nxf6+ gxf6 21.Bxc6 Rxc6
22.Rb7 Qc4 23.Qd3 Qxd3 24.Rxd3 Rc2 25.Rxb5 Rxe2 26.Kf1 Rc2 27.Ke1 Ra8 28.Rd2 Rc7
29.Ke2 f5 30.b4 Ra3 31.Rb2 Rcc3 32.Rb8+ Kg7 33.Rd8 Ra6 34.Kd2 Rf3 35.Ke2 Rc3
36.Rb8 Raa3 37.b5 Rab3 38.Rxb3 Rxb3 39.b6 Kf6 40.Kd2 Rf3 41.Kc2  1/2-1/2

[Event "URS-ch U26"]
[Site "Vilnius"]
[Date "1978.??.??"]
[Round "2"]
[White "Vladimirov, Evgeny"]
[Black "Petrosian, Arshak B"]
[Result "1/2-1/2"]
[WhiteElo "2445"]
[BlackElo "2415"]

1.c4 e6 2.Nf3 d5 3.b3 Nf6 4.Bb2 Be7 5.g3 O-O 6.Bg2 b6 7.O-O Bb7 8.e3 c5 9.Qe2 Nc6
10.Rd1 dxc4 11.bxc4 Rc8 12.Nc3 Na5 13.d3 Nd7 14.Rab1 a6 15.Ne1 Bxg2 16.Nxg2 Bf6
17.Nf4 g6 18.h4 Qe7 19.Rd2 Rb8 20.Ne4 Bxb2 21.Rdxb2 Nc6 22.Qd1 Rbc8 23.Qa4 Ncb8
24.Qa3 h6 25.Qc3 g5 26.hxg5 hxg5 27.Nh3 f6 28.f4 g4 29.Nhf2 Qg7 30.Qd2 Nc6
31.Nc3 Ne7 32.Na4 Nf5 33.Ne4 e5 34.Nxb6 Nxb6 35.Rxb6 exf4 36.gxf4 Nh4 37.Qc3 Nf3+
38.Kf2 Qh6 39.Ke2 Qh2+ 40.Kd1 Qg1+ 41.Kc2 Qxe3 42.Nxf6+ Rxf6 43.Qxf6  1/2-1/2

[Event "Vilnius"]
[Site "Vilnius"]
[Date "1978.??.??"]
[Round "6"]
[White "Csom, Istvan"]
[Black "Dvorietzky, Mark I"]
[Result "1/2-1/2"]
[WhiteElo "2510"]
[BlackElo "2525"]

1.c4 e6 2.Nf3 d5 3.e3 Nf6 4.b3 Be7 5.Bb2 O-O 6.Be2 c5 7.O-O Nc6 8.cxd5 Nxd5
9.a3 b6 10.Qc2 Bb7 11.Nc3 Rc8 12.Nxd5 Qxd5 13.Rab1 Rfd8 14.Rfc1 Qh5 15.Qd1 Bd6
16.h3 Qf5 17.Qf1 Ne5 18.Ne1 Be7 19.d3  1/2-1/2

[Event "URS-ch U26"]
[Site "Vilnius"]
[Date "1978.??.??"]
[Round "8"]
[White "Jussupow, Artur"]
[Black "Petrosian, Arshak B"]
[Result "1/2-1/2"]
[WhiteElo "2450"]
[BlackElo "2415"]

1.c4 e6 2.Nf3 d5 3.g3 dxc4 4.Qa4+ Nd7 5.Bg2 Nf6 6.Qxc4 c5 7.Qb3 Rb8 8.d3 Bd6
9.Nc3 a6 10.O-O O-O 11.Nd2 b6 12.Nc4 Bc7 13.a4 Ne5 14.f4 Nxc4 15.dxc4 Bb7
16.Bxb7 Rxb7 17.Be3 Qa8 18.Bf2 Rbb8 19.Qc2 Ng4 20.h3 Nxf2 21.Rxf2 Rfd8 22.e3  1/2-1/2